Meditaciones instantáneas : (Record no. 192184)

MARC details
000 -LEADER
campo de control de longitud fija 01208nam a2200337 i 4500
001 - NÚMERO DE CONTROL
campo de control 192184
003 - IDENTIFICADOR DE NÚMERO DE CONTROL
campo de control SpMaBN
005 - FECHA Y HORA DE LA ÚLTIMA TRANSACCIÓN
campo de control 20240208063124.0
008 - DATOS DE LONGITUD FIJA--INFORMACIÓN GENERAL
campo de control de longitud fija 221113s2017 sp a | |||| 000 0 spa
017 ## - NÚMERO DE COPYRIGHT O DE DEPÓSITO LEGAL
Número de copyright o de depósito legal M 111-2017
Agencia que asigna Oficina Depósito Legal Madrid
020 ## - NÚMERO INTERNACIONAL ESTÁNDAR DEL LIBRO
Número Internacional Estándar del Libro 9788416690398
035 ## - NÚMERO DE CONTROL DEL SISTEMA
Número de control de sistema (OCoLC)992752548
040 ## - FUENTE DE CATALOGACIÓN
Centro catalogador/agencia de origen SpMaBN
Lengua de catalogación spa
Centro/agencia transcriptor SpMaBN
Normas de descripción rdc
080 ## - NÚMERO DE LA CLASIFICACIÓN DECIMAL UNIVERSAL
Número de la Clasificación Decimal Universal 233-852.5-583 Kundalini
100 1# - ENTRADA PRINCIPAL--NOMBRE DE PERSONA
Nombre de persona Leppert, Kerstin,
Fechas asociadas al nombre 1967-
Término indicativo de función/relación Autor
9 (RLIN) 175810
245 10 - MENCIÓN DEL TÍTULO
Título Meditaciones instantáneas :
Resto del título ejercicios para situaciones cotidianas y de emergencia /
Mención de responsabilidad, etc. Kerstin Leppert ; traducción, Marta Armengol Royo.
260 ## - PUBLICACIÓN, DISTRIBUCIÓN, ETC.
Lugar de publicación, distribución, etc. Madrid :
Nombre del editor, distribuidor, etc. Maeva,
Fecha de publicación, distribución, etc. [2017]
300 ## - DESCRIPCIÓN FÍSICA
Extensión 125 páginas :
Otras características físicas ilustraciones (blanco y negro) ;
Dimensiones 22 cm.
490 1# - MENCIÓN DE SERIE
Mención de serie Inspira
500 ## - NOTA GENERAL
Nota general Índice
504 ## - NOTA DE BIBLIOGRAFÍA, ETC.
Nota de bibliografía, etc. Bibliografía: páginas 124 -125
650 #7 - PUNTO DE ACCESO ADICIONAL DE MATERIA--TÉRMINO DE MATERIA
Término de materia o nombre geográfico como elemento de entrada Meditación-
Subdivisión general Uso terapéutico.
9 (RLIN) 175812
650 #7 - PUNTO DE ACCESO ADICIONAL DE MATERIA--TÉRMINO DE MATERIA
Término de materia o nombre geográfico como elemento de entrada Kundalini Yoga.
9 (RLIN) 14043
700 1# - ENTRADA AGREGADA--NOMBRE PERSONAL
9 (RLIN) 234956
Nombre de persona Armengol Royo, Marta
Término indicativo de función/relación Traductor
830 0# - PUNTO DE ACCESO ADICIONAL DE SERIE-TÍTULO UNIFORME
Título uniforme Inspira
9 (RLIN) 226108
852 4# - LOCALIZACIÓN
Ubicación ES-MaACL
Número de control de estantería N-8130
Sublocalización o colección R. 151881
Ubicación en estantería Depósito J
Donativo/Legado Donación: Editorial
itemnumber 199466
942 ## - ELEMENTOS DE ENTRADA SECUNDARIOS (KOHA)
Tipo de ítem Koha Libro impreso
Suprimir en OPAC No
Holdings
Estatus retirado Estado de pérdida Fuente del sistema de clasificación o colocación Estado de daño No para préstamo Biblioteca de origen Biblioteca actual Ubicación en estantería Fecha de adquisición Fuente de adquisición Total de préstamos Signatura topográfica completa Código de barras Visto por última vez Tipo de ítem Koha
    Clasificación decimal universal     Biblioteca del Ateneo de Madrid Biblioteca del Ateneo de Madrid Depósito J 13/11/2022 Donación   N-8130 101206429 23/02/2023 Libro impreso